New Zealand Rugby All Blacks - Countries Visited - Statistics

General Stats
  • This quiz has been taken 426 times
    364 since last reset
  • The average score is 15 of 19
Answer Stats
Answer % Correct
Australia
98%
South Africa
97%
France
96%
United States
96%
United Kingdom
95%
Fiji
94%
Japan
94%
Argentina
93%
Ireland
93%
Italy
93%
Samoa
93%
Canada
91%
Namibia
71%
Romania
67%
Hong Kong
63%
Uruguay
60%
Zimbabwe
58%
New Zealand
53%
Zambia
18%
No matching quizzes found
Score Distribution
Percent of People with Each Score
Percentile by Number Answered
Your Score History
You have not taken this quiz since the last reset